000 00428nab a2200145Ia 4500
003 ES-SlBCS
005 20210601142013.0
008 140529s1999 xxu||||| |||| 00| 0 spa d
041 _aspa
100 1 _aBeltrán, Julio
_9250778
245 0 0 _aPsicología y filosofía trascendental
_c Julio Beltrán
650 0 4 _aPsicología
_944875
773 0 _tFranciscanum
_gvol. 41, nº. 122-123, 1999, págs. 87-102
_wRev212
942 _cAR
999 _c669946
_d669946